000 01092pab a2200181 454500
008 180718b2000 xxu||||| |||| 00| 0 eng d
100 _aGupta, L.N.
245 _aInternet and public sector organisations
260 _c2000
300 _ap.338-352.
362 _aJul-Sep
520 _aGiving the contextual framework of Internet's operation, the author first defines it, showing vast array of its services and their pervasiveness. He then focuses on its applications in public sector organisations. He highlights its potentialities and benefits accruing therefrom, followed by potential good applications in different sectors of administrative activities (to provide comparative insights, he also gives instances of some good applications at global level), and also underscores its weakneses with possible remedies to give a complete picture to the readers. He concludes his presentation with a SWOT analysis of Internet. - Reproduced
650 _aPublic administration
650 _aInternet
773 _aIndian Journal of Public Administration
908 _aN
909 _a47008
999 _c47008
_d47008